Go, Go America / (Record no. 3793)
[ view plain ]
| 000 -LEADER | |
|---|---|
| fixed length control field | 00974cam a2200277 a 4500 |
| 005 - DATE AND TIME OF LATEST TRANSACTION | |
| control field | 20250828111357.0 |
| 020 ## - INTERNATIONAL STANDARD BOOK NUMBER | |
| International Standard Book Number | 9780545386630 |
| 040 ## - CATALOGING SOURCE | |
| Original cataloging agency | DLC |
| Transcribing agency | DLC |
| Modifying agency | IG# |
| -- | BTCTA |
| -- | BAKER |
| -- | XY4 |
| -- | JED |
| -- | VP@ |
| -- | EHH |
| -- | DLC |
| Language of cataloging | eng |
| 050 00 - LIBRARY OF CONGRESS CALL NUMBER | |
| Classification number | E180.Y24 |
| Item number | 2008 |
| 082 00 - DEWEY DECIMAL CLASSIFICATION NUMBER | |
| Classification number | 973 |
| 100 1# - MAIN ENTRY--PERSONAL NAME | |
| Personal name | Yaccarino, Dan |
| 245 10 - TITLE STATEMENT | |
| Title | Go, Go America / |
| Statement of responsibility, etc. | Dan Yaccarino |
| 260 ## - PUBLICATION, DISTRIBUTION, ETC. | |
| Place of publication, distribution, etc. | New York : |
| Name of publisher, distributor, etc. | Scholastic ; |
| Date of publication, distribution, etc. | 2008 |
| 300 ## - PHYSICAL DESCRIPTION | |
| Extent | 71 pages : |
| Other physical details | color illustrations ; |
| Dimensions | 28 cm. |
| 505 ## - FORMATTED CONTENTS NOTE | |
| Formatted contents note | X <br/> |
| 520 ## - SUMMARY, ETC. | |
| Summary, etc. | A collection of odd facts, including festivals, contests, and laws,about the states of the United States. |
| 521 ## - TARGET AUDIENCE NOTE | |
| Target audience note | 900 <br/> |
| Source | Lexile <br/> |
| 521 ## - TARGET AUDIENCE NOTE | |
| Target audience note | X <br/> |
| Source | Raz-Plus <br/> |
| 650 #0 - SUBJECT ADDED ENTRY--TOPICAL TERM | |
| Topical term or geographic name entry element | U.S. states |
| Form subdivision | Miscellanea |
| -- | Juvenile literature. |
| 650 #0 - SUBJECT ADDED ENTRY--TOPICAL TERM | |
| Topical term or geographic name entry element | Curiosities and wonders |
| Geographic subdivision | United States |
| Form subdivision | Juvenile literature. |
| 650 #1 - SUBJECT ADDED ENTRY--TOPICAL TERM | |
| Topical term or geographic name entry element | U.S. states |
| Form subdivision | Miscellanea. |
| 650 #1 - SUBJECT ADDED ENTRY--TOPICAL TERM | |
| Topical term or geographic name entry element | Curiosities and wonders |
| Geographic subdivision | United States. |
| 906 ## - LOCAL DATA ELEMENT F, LDF (RLIN) | |
| a | 7 |
| b | cbc |
| c | orignew |
| d | 1 |
| e | ocip |
| f | 20 |
| g | y-gencatlg |
| 942 ## - ADDED ENTRY ELEMENTS (KOHA) | |
| Source of classification or shelving scheme | Dewey Decimal Classification |
| Koha item type | Books |
| Suppress in OPAC | No |
| 999 ## - | |
| -- | 3793 |
| -- | 3793 |
| Withdrawn status | Lost status | Source of classification or shelving scheme | Damaged status | Not for loan | Collection | Home library | Current library | Shelving location | Date acquired | Total Checkouts | Full call number | Barcode | Date last seen | Price effective from | Koha item type | Copy number |
|---|---|---|---|---|---|---|---|---|---|---|---|---|---|---|---|---|
| Dewey Decimal Classification | Non-Fiction | Footprints International School Library Network Toul Tom Poung Campus | Footprints International School Library Network Toul Tom Poung Campus | TTP Secondary Non-Fiction Bookshelves | 05/08/2024 | YAC 973 E180.Y24 | FISTK00143 | 05/08/2024 | 05/08/2024 | Books | ||||||
| Dewey Decimal Classification | Non-Fiction | Footprints International School Library Network Toul Tom Poung Campus | Footprints International School Library Network Toul Tom Poung Campus | TTP Secondary Non-Fiction Bookshelves | 08/28/2025 | YAC 973 E180.Y24 | FISBK01208 | 08/28/2025 | 08/28/2025 | Books | 2 |
